000 01066nam a2200241Ia 4500
003 Ost
005 20260507075357.0
008 260507s9999||||xx |||||||||||||| ||und||
020 _a1521699579
040 _cfsecg
041 _aara
082 _a330
100 _aالقاضي، حسين
_eمؤلف
245 0 _aنظرية المحاسبة /
_c حسين القاضي
260 _aعمان:
_bدار الثقافة للنشر والتوزيع,
_c2012
300 _a560 صفحة؛
_bإيضاحات ؛
_c25 سم
504 _aالمراجع ص.547 الملاحق ص. 525
520 _aالنظرية من منظور تاريخي- الطبيعة العلمية للمحاسبة- مفهوم الشخصية المعنوية- مفهوم النظام المحاسبي- مفهوم الاحداث الإقتصادية- مفهوم الإفصاح- موضوعية القياس- مبادئ المحاسبة
653 _aالمحاسبة
653 _aالمحاسبة- نظريات
700 _aحمدان، مأمون
_eمؤلف ثانوي
942 _cكتاب
999 _c44250
_d44250